| 000 | 00490nam a2200181Ia 4500 | ||
|---|---|---|---|
| 003 | OSt | ||
| 005 | 20200922115557.0 | ||
| 008 | 190216s9999||||xx |||||||||||||| ||und|| | ||
| 020 | _a9788121905930 | ||
| 020 | _a9788121906012 | ||
| 040 | _coclc | ||
| 082 |
_a580 _bPAN/C |
||
| 100 |
_aPandey, B P _94781 |
||
| 245 | 0 |
_aCollege Botany / _cB P Pandey |
|
| 260 |
_bS. Chand & Company, _c2005. _aNew Delhi: |
||
| 300 | _a223p | ||
| 942 |
_cBK _2ddc _h580 _iPAN/C _k580 _mPAN/C |
||
| 999 |
_c1919 _d1919 |
||